00417nam a2200169 a 4500001001300000003000900013005001700022008004100039020000800080082001600088100001800104245003900122260003200161300000900193500003500202505001000237nice12345678IN_TiNIC20260116015143.0050524s1978 lona grp 000 0 eng  ac000a362.76bKEM aKempe, Ruth S aChild Abuseb the Developing Child aLondonbFontana Booksc1978 a157p aincludes index and biblioraphy2 aIndex